000 01885nam a22002537a 4500
003 Uzh_bibl
008 260428b |||||||| |||| 00| 0 ukr d
020 _a5-333-00060-3
_c2.50
040 _aукр.
041 _2ukr
_aukr
080 _a821(477)
090 _a821(477)
_bО-18
100 _a.
245 _aОбличчям до вікна
_cУпоряд. К.П. Пісоцький; післяслов. І.М. Дзюби
_hТекст
260 _aКиїв
_bРадянський письменник
_c1989
300 _a583 с.
_fВ опр.
520 _aЧитачі мають можливість познайомитися з новими творами провідних майстрів сучасної української прози — Олеся Гончара, Анатолія Дімарова, Бориса Харчука і представників молодшого покоління літераторів. Повісті об'єднує не лише час написання — 80-ті роки. Тематичне «розкріпачення», характерне для періоду перебудови, демократизації і гласності, виявилося її художньому осмисленні авторами складних суспільних явищ і процесів.
521 _aДля широкого кола читачів
546 _aукр.
650 _aЛітературно-художнє видання
_yДруга половина ХХ століття (радянський час)
_zУкраїна (місто та частково сільська місцевість)
653 _aСамотність
_aЖиття
_aВибір
_aЛюдина
_aДоля
655 _aПовісті (соціально-психологічна проза)
_vПовісті
942 _2udc
_cBK
999 _c17543
_d17543